| 000 | 00721nam a2200181Ia 4500 | ||
|---|---|---|---|
| 008 | 090123s9999 xx 000 0 und d | ||
| 082 | _b38598 | ||
| 100 | _aटिळेकर चंद्रसेन | ||
| 245 | _aप्रबोधनाच्या वाटेवर संत तुकाराम | ||
| 250 | _a1 | ||
| 260 |
_bअनुबंध _c2005 |
||
| 300 | _a71 | ||
| 600 | _aटिळेकर चंद्रसेन | ||
| 630 | _aप्रबोधनाच्या वाटेवर संत तुकाराम | ||
| 700 | _aटिळेकर चंद्रसेन | ||
| 730 | _aप्रबोधनाच्या वाटेवर संत तुकाराम | ||
| 942 | _cBOOK | ||
| 999 |
_c76664 _d76664 |
||